000 00486nam a22001817a 4500
003 MPLRDC
005 20220104144505.0
008 210129b ||||| |||| 00| 0 eng d
020 _a978-967-11426-5-3
082 _a546.59386 KJX-3 c.2
100 _a柯嘉逊
245 _a513真假虚实
_c杨培根 译
250 _a初版
260 _a马来西亚
_bSUARA INTSIATIF SDN BHD
_c2014
300 _b178
650 _a种族冲突---马来西亚
942 _cBK
_o546.59386 KJX-3 c.2
999 _c50131
_d50121